Nociones del Código de Circulación basadas en la nueva programación de la Jefatura Central de Tráfico. (Record no. 113515)

MARC details
000 -LEADER
campo de control de longitud fija 00512nam a2200157 i 4500
001 - NÚMERO DE CONTROL
campo de control 113515
003 - IDENTIFICADOR DE NÚMERO DE CONTROL
campo de control ES-MaACL
005 - FECHA Y HORA DE LA ÚLTIMA TRANSACCIÓN
campo de control 20230906185925.0
007 - CAMPO FIJO DE DESCRIPCIÓN FÍSICA--INFORMACIÓN GENERAL
campo de control de longitud fija t|
008 - DATOS DE LONGITUD FIJA--INFORMACIÓN GENERAL
campo de control de longitud fija 061121s1969 sp r ||||1| spa d
245 00 - MENCIÓN DEL TÍTULO
Título Nociones del Código de Circulación basadas en la nueva programación de la Jefatura Central de Tráfico.
260 ## - PUBLICACIÓN, DISTRIBUCIÓN, ETC.
Lugar de publicación, distribución, etc. Cuenca :
Nombre del editor, distribuidor, etc. [s.n.],
Fecha de publicación, distribución, etc. 1969 (
Fabricante Imp. Falange)
300 ## - DESCRIPCIÓN FÍSICA
Extensión 62 p. ;
Dimensiones 17 cm.
650 #4 - PUNTO DE ACCESO ADICIONAL DE MATERIA--TÉRMINO DE MATERIA
Término de materia o nombre geográfico como elemento de entrada Tráfico-
Subdivisión de forma Legislación-
Subdivisión geográfica España.
9 (RLIN) 168806
852 ## - LOCALIZACIÓN
Ubicación ES-MaACL
Número de control de estantería C-51258
Sublocalización o colección R.72061
Holdings
Estatus retirado Estado de pérdida Estado de daño No para préstamo Biblioteca de origen Biblioteca actual Ubicación en estantería Fecha de adquisición Fuente de adquisición Total de préstamos Signatura topográfica completa Código de barras Visto por última vez Precio de reemplazo Tipo de ítem Koha
        Biblioteca del Ateneo de Madrid Biblioteca del Ateneo de Madrid Depósito 2 17/01/2008     C-51258 1118391 23/02/2023 23/02/2023 Libro impreso